[Event "Europa ch 2014"]
[Site "Yerevan ARM"]
[Date "2014.03.06"]
[Round "4.79"]
[White "Danielian, Elina"]
[Black "Apresyan, Zohrak"]
[Result "1/2-1/2"]
[WhiteElo "2467"]
[BlackElo "2136"]
[PlyCount "114"]
[EventDate "2014.03.03"]
[EventType "swiss"]
[EventRounds "11"]
[EventCountry "ARM"]
[Source "lmi"]
[SourceDate "2014.03.02"]

1. d4 Nf6 2. Bg5 c5 3. Bxf6 gxf6 4. d5 Qb6 5. Qc1 f5 6. e3 Bg7 7. c3 e6 8. Nh3
Na6 9. Nf4 Nc7 10. Nh5 Rg8 11. Nxg7+ Rxg7 12. dxe6 fxe6 13. Nd2 d5 14. c4 Bd7
15. g3 Bc6 16. Bg2 d4 17. e4 O-O-O 18. O-O Ne8 19. Re1 Nd6 20. Qc2 h5 21. Rab1
h4 22. b4 hxg3 23. hxg3 f4 24. Nb3 fxg3 25. f4 d3 26. Qxd3 Nxe4 27. Qe3 Nf2 28.
bxc5 Qc7 29. Qxe6+ Rgd7 30. Bxc6 Qxc6 31. Qxc6+ bxc6 32. Kg2 Nd3 33. Re4 Rg8
34. f5 Rh7 35. Rg1 Rh2+ 36. Kf3 g2 37. f6 Rh6 38. f7 Rf6+ 39. Ke3 Rxf7 40. Kxd3
Rf1 41. Re8+ Rxe8 42. Rxg2 Rf3+ 43. Kc2 Ref8 44. Rg6 R8f6 45. Rg8+ Kb7 46. Kb2
Rf2+ 47. Ka3 Rc2 48. Rg4 Ka6 49. Rh4 Rff2 50. Kb4 Rxa2 51. Rh6 Rab2 52. Ka3
Ra2+ 53. Kb4 Rf3 54. Nd4 Rb2+ 55. Ka4 Ra2+ 56. Kb4 Rb2+ 57. Ka4 Ra2+ 1/2-1/2

[Event "Europa ch 2014"]
[Site "Yerevan ARM"]
[Date "2014.03.06"]
[Round "4.80"]
[White "Sayadyan, Edvard"]
[Black "Mkrtchian, Lilit"]
[Result "0-1"]
[WhiteElo "2010"]
[BlackElo "2465"]
[PlyCount "66"]
[EventDate "2014.03.03"]
[EventType "swiss"]
[EventRounds "11"]
[EventCountry "ARM"]
[Source "lmi"]
[SourceDate "2014.03.02"]

1. e4 c5 2. Nf3 e6 3. d4 cxd4 4. Nxd4 Nc6 5. Nc3 Qc7 6. Be3 a6 7. Qf3 Bb4 8.
Nxc6 Qxc6 9. Bd4 f6 10. O-O-O Ne7 11. a3 Bd6 12. Qh5+ Ng6 13. e5 fxe5 14. Bd3
O-O 15. Be3 Bxa3 16. Ne4 Be7 17. Ng3 d5 18. Bxg6 hxg6 19. Qxg6 e4 20. Nh5 Rf7
21. Qg3 Bd6 22. Qg5 Qc7 23. f4 Bd7 24. Rhf1 Rc8 25. Rf2 Bc5 26. Qg3 Qb6 27.
Bxc5 Qxc5 28. f5 exf5 29. Nf4 d4 30. Qb3 d3 31. Nh3 Qe3+ 32. Kb1 dxc2+ 33. Rxc2
Qxb3 0-1

[Event "Europa ch 2014"]
[Site "Yerevan ARM"]
[Date "2014.03.06"]
[Round "4.81"]
[White "Alekseenko, Kirill"]
[Black "Sargsyan, Shushanna"]
[Result "1-0"]
[WhiteElo "2461"]
[BlackElo "2093"]
[PlyCount "45"]
[EventDate "2014.03.03"]
[EventType "swiss"]
[EventRounds "11"]
[EventCountry "ARM"]
[Source "lmi"]
[SourceDate "2014.03.02"]

1. e4 c6 2. d4 d5 3. e5 Bf5 4. Nf3 e6 5. Be2 Nd7 6. O-O Ne7 7. Nbd2 Bg6 8. Nb3
Nf5 9. a4 Be7 10. a5 a6 11. g4 Nh4 12. Nxh4 Bxh4 13. f4 f5 14. exf6 Bxf6 15.
Bf3 Bf7 16. Qe2 Be7 17. g5 c5 18. Bg4 c4 19. Nd2 O-O 20. Bxe6 Bb4 21. c3 Bd6
22. Bxf7+ Kxf7 23. Qf3 1-0

[Event "Europa ch 2014"]
[Site "Yerevan ARM"]
[Date "2014.03.06"]
[Round "4.82"]
[White "Sipila, Vilka"]
[Black "Sargsyan, Shant"]
[Result "1/2-1/2"]
[WhiteElo "2457"]
[BlackElo "2027"]
[PlyCount "125"]
[EventDate "2014.03.03"]
[EventType "swiss"]
[EventRounds "11"]
[EventCountry "ARM"]
[Source "lmi"]
[SourceDate "2014.03.02"]

1. Nf3 Nf6 2. c4 b6 3. g3 c5 4. Bg2 Bb7 5. O-O e6 6. Nc3 Be7 7. Re1 O-O 8. e4
d6 9. d4 cxd4 10. Nxd4 Qc8 11. Bf4 a6 12. Rc1 Nbd7 13. Qe2 Re8 14. Be3 Qc7 15.
b3 Rac8 16. f3 Bf8 17. Qf2 Qb8 18. Bh3 Rc7 19. Red1 Rec8 20. Na4 b5 21. cxb5
Rxc1 22. Rxc1 Rxc1+ 23. Bxc1 axb5 24. Nc3 b4 25. Na4 d5 26. exd5 Bxd5 27. Be3
Qb7 28. Bg2 e5 29. Nc2 Qc6 30. Ne1 e4 31. fxe4 Bxe4 32. Bd4 Bxg2 33. Qxg2 Qc1
34. Kf1 Qd1 35. Bg1 h5 36. Qe2 Qd5 37. Nf3 Ne4 38. Bd4 g5 39. Qe3 g4 40. Nd2
Nxd2+ 41. Qxd2 Bg7 42. Be3 Qh1+ 43. Bg1 Qf3+ 44. Qf2 Qd3+ 45. Qe2 Qb1+ 46. Kg2
Ne5 47. Nc5 Nf3 48. Bf2 Qg6 49. Qb5 Ng5 50. Qb8+ Kh7 51. Qxb4 Qc6+ 52. Kf1 Qh1+
53. Ke2 Qf3+ 54. Kf1 f5 55. Qb7 Qd1+ 56. Kg2 Qc2 57. Qd5 h4 58. Nd3 h3+ 59. Kf1
Qd1+ 60. Be1 Nf3 61. Qxf5+ Kg8 62. Qe6+ Kh7 63. Qe4+ 1/2-1/2

[Event "Europa ch 2014"]
[Site "Yerevan ARM"]
[Date "2014.03.06"]
[Round "4.83"]
[White "Aharon, Ofir"]
[Black "Volokitin, Andrei"]
[Result "0-1"]
[WhiteElo "2316"]
[BlackElo "2674"]
[PlyCount "55"]
[EventDate "2014.03.03"]
[EventType "swiss"]
[EventRounds "11"]
[EventCountry "ARM"]
[Source "lmi"]
[SourceDate "2014.03.02"]

1. e4 c5 2. Nf3 d6 3. d4 cxd4 4. Nxd4 Nf6 5. Nc3 a6 6. h3 e6 7. g4 Be7 8. g5
Nfd7 9. h4 b5 10. a3 Bb7 11. Be3 Nc6 12. Nxc6 Bxc6 13. Qd4 O-O 14. O-O-O Rb8
15. f4 a5 16. h5 e5 17. Qd2 b4 18. axb4 axb4 19. Nd5 Bxd5 20. Qxd5 exf4 21.
Bxf4 Ra8 22. g6 Ra1+ 23. Kd2 Ra5 24. Qb3 Nc5 25. gxh7+ Kh8 26. Qf3 f5 27. Rg1
Nxe4+ 28. Ke2 0-1

[Event "Europa ch 2014"]
[Site "Yerevan ARM"]
[Date "2014.03.06"]
[Round "4.85"]
[White "Mikaelyan, Arman"]
[Black "Petrosian, Tigran L"]
[Result "1/2-1/2"]
[WhiteElo "2291"]
[BlackElo "2639"]
[PlyCount "273"]
[EventDate "2014.03.03"]
[EventType "swiss"]
[EventRounds "11"]
[EventCountry "ARM"]
[Source "lmi"]
[SourceDate "2014.03.02"]

1. d4 d6 2. e4 g6 3. Nc3 Bg7 4. Nge2 a6 5. a4 Nc6 6. Be3 Nf6 7. h3 O-O 8. g3
Bd7 9. Bg2 Qc8 10. Qd2 e5 11. d5 Ne7 12. Bg5 b5 13. axb5 axb5 14. Rxa8 Qxa8 15.
O-O b4 16. Nd1 Bb5 17. Re1 Qa6 18. Nc1 c5 19. dxc6 Nxc6 20. Nb3 Bc4 21. Bxf6
Bxf6 22. Bf1 Bxf1 23. Rxf1 Rd8 24. Re1 Qa2 25. h4 h5 26. Re3 Nd4 27. Nxd4 exd4
28. Rf3 Be5 29. Qxb4 Qb1 30. Qd2 Rc8 31. c3 dxc3 32. bxc3 Qxe4 33. Qd3 Qc6 34.
Kg2 Kg7 35. Qe3 Ra8 36. Qd3 Ra3 37. Qe3 Ra4 38. Qd3 Rc4 39. Qe3 Rc5 40. Qd3 Qa4
41. Qb1 Qc6 42. Qd3 Bf6 43. Kh2 Rc4 44. Kg2 Rc5 45. Kh2 Re5 46. Kg1 Rd5 47. Qe2
Ra5 48. Qd3 Qb7 49. Kh2 Re5 50. Rf4 Ra5 51. Qf3 Qxf3 52. Rxf3 Rd5 53. Ne3 Rc5
54. Nd1 Bd8 55. Rd3 Rc6 56. Kg2 Kf6 57. Kf3 Ke6 58. Re3+ Kd7 59. Rd3 Ba5 60.
Ke4 Rc8 61. Kf3 Rc4 62. Re3 Ra4 63. Nb2 Ra2 64. Nc4 Bc7 65. Re2 Ra4 66. Re4 Ra1
67. Rf4 Ke6 68. Re4+ Kd7 69. Rf4 f5 70. Rd4 Ke6 71. Rd3 Ra2 72. Re3+ Kd7 73.
Rd3 Ke6 74. Re3+ Kd7 75. Rd3 Kc6 76. Re3 Rc2 77. Rd3 Ra2 78. Re3 Rc2 79. Rd3
Bb8 80. Ne3 Rb2 81. Nc4 Rc2 82. Ne3 Rb2 83. Nc4 Ra2 84. Rd1 d5 85. Ne3 Ba7 86.
Rd3 Bb6 87. Rd1 Bc5 88. Rd3 Bb6 89. Rd1 Bxe3 90. Kxe3 Rc2 91. Rd3 Kd6 92. Kf3
Kc5 93. Ke3 Ra2 94. Kf3 Ra4 95. Ke3 Rg4 96. Kd2 Ra4 97. Ke3 Re4+ 98. Kd2 Rc4
99. Rf3 Rg4 100. Rd3 f4 101. Rf3 fxg3 102. fxg3 Kc4 103. Re3 Kc5 104. Rf3 Kc6
105. Rf6+ Kd7 106. Rf3 Ke6 107. Kd3 Ra4 108. Ke3 Ke5 109. Kd3 Ra1 110. Rf8 Rg1
111. Rf3 Rg2 112. Ke3 Rc2 113. Kd3 Ra2 114. Rf8 Ra1 115. Rf3 Ra4 116. Rf8 Ra2
117. Rf3 Ra3 118. Rf4 Rb3 119. Ra4 Rb1 120. Rf4 Rd1+ 121. Ke2 Rb1 122. Kd3 Rd1+
123. Ke2 Rg1 124. Rf3 Ke4 125. Rf4+ Ke5 126. Rf3 Ra1 127. Kd3 Ra8 128. Rf7 Ra4
129. Rf3 Rg4 130. Ke3 g5 131. hxg5 Rxg5 132. Kd3 Rf5 133. Rxf5+ Kxf5 134. Ke3
Ke5 135. Kf3 Kf5 136. Ke3 Ke5 137. Kf3 1/2-1/2

[Event "Europa ch 2014"]
[Site "Yerevan ARM"]
[Date "2014.03.06"]
[Round "4.86"]
[White "Khachatryan, Vahagn"]
[Black "Golod, Vitali"]
[Result "1/2-1/2"]
[WhiteElo "2278"]
[BlackElo "2573"]
[PlyCount "102"]
[EventDate "2014.03.03"]
[EventType "swiss"]
[EventRounds "11"]
[EventCountry "ARM"]
[Source "lmi"]
[SourceDate "2014.03.02"]

1. e4 c5 2. Nf3 e6 3. c3 Nf6 4. e5 Nd5 5. d4 cxd4 6. cxd4 d6 7. a3 Bd7 8. Bd3
Bc6 9. O-O Nd7 10. Qe2 h6 11. Bd2 dxe5 12. Nxe5 Nxe5 13. dxe5 Be7 14. Nc3 Nxc3
15. Bxc3 Qd5 16. f4 Rd8 17. Rad1 Qc5+ 18. Kh1 g6 19. Be4 Bxe4 20. Qxe4 Qb5 21.
Rxd8+ Bxd8 22. Qf3 Be7 23. f5 exf5 24. g4 f4 25. Qxf4 O-O 26. Kg2 Qd5+ 27. Qf3
Qe6 28. h3 b6 29. Rd1 Rc8 30. Qd5 Qxd5+ 31. Rxd5 Bxa3 32. Kf3 Bf8 33. Rd7 a5
34. Rb7 Rc6 35. Rb8 Re6 36. Bd4 a4 37. Rxb6 Rxb6 38. Bxb6 a3 39. bxa3 Bxa3 40.
Ke4 Bc1 41. Bc5 Bg5 42. Kd5 Bc1 43. h4 Bd2 44. h5 gxh5 45. gxh5 Bg5 46. Ke4 Bc1
47. Kf5 Bg5 48. Bb4 Bc1 49. Be7 Bd2 50. Bh4 Bc1 51. Bg3 Bd2 1/2-1/2

[Event "Europa ch 2014"]
[Site "Yerevan ARM"]
[Date "2014.03.06"]
[Round "4.87"]
[White "Kuljasevic, Davorin"]
[Black "Cherednichenko, Svetlana"]
[Result "1-0"]
[WhiteElo "2567"]
[BlackElo "2270"]
[PlyCount "59"]
[EventDate "2014.03.03"]
[EventType "swiss"]
[EventRounds "11"]
[EventCountry "ARM"]
[Source "lmi"]
[SourceDate "2014.03.02"]

1. d4 Nf6 2. c4 g6 3. Nc3 Bg7 4. e4 d6 5. h3 O-O 6. Nf3 e5 7. d5 a5 8. g4 Na6
9. Be3 Bd7 10. Be2 c6 11. Nd2 Nc5 12. g5 Ne8 13. h4 f5 14. f3 Nc7 15. Qc2 Rb8
16. a3 N7a6 17. Rb1 a4 18. b4 axb3 19. Nxb3 Nxb3 20. Qxb3 fxe4 21. Nxe4 Bf5 22.
Qb6 Qd7 23. Bd3 Nc7 24. dxc6 bxc6 25. Qxb8 Rxb8 26. Rxb8+ Kf7 27. Rb7 c5 28.
Bd2 d5 29. cxd5 Qxd5 30. Bc4 1-0

[Event "Europa ch 2014"]
[Site "Yerevan ARM"]
[Date "2014.03.06"]
[Round "4.88"]
[White "Dilanyan, Grigor"]
[Black "Aghasaryan, Robert"]
[Result "0-1"]
[WhiteElo "2266"]
[BlackElo "2503"]
[PlyCount "112"]
[EventDate "2014.03.03"]
[EventType "swiss"]
[EventRounds "11"]
[EventCountry "ARM"]
[Source "lmi"]
[SourceDate "2014.03.02"]

1. d4 d5 2. c4 c6 3. Nf3 Nf6 4. g3 dxc4 5. Bg2 a6 6. a4 c5 7. O-O cxd4 8. Nxd4
e5 9. Nc2 Qxd1 10. Rxd1 Nc6 11. Bg5 Be6 12. Bxc6+ bxc6 13. Nd2 c3 14. bxc3 Nd5
15. Nb1 f6 16. Bc1 a5 17. e4 Nb6 18. Nd2 O-O-O 19. Ne3 Bc5 20. Re1 Rd3 21. Ndf1
Kc7 22. Re2 Rhd8 23. Kg2 Rxc3 24. Bd2 Ra3 25. Rxa3 Bxa3 26. Bxa5 Ra8 27. Bxb6+
Kxb6 28. Re1 Rxa4 29. Ra1 Kb5 30. Nd1 Bb4 31. Rb1 Ra3 32. Nfe3 Rb3 33. Ra1 Ba5
34. Nc2 Kb6 35. Nde3 g6 36. Rd1 Kc7 37. Ra1 Bb6 38. Ra8 Bc8 39. Nc4 Bc5 40. Ra5
Rb5 41. Ra8 Be6 42. N4e3 Rb8 43. Ra5 Bb6 44. Ra3 Rd8 45. Rc3 Kb7 46. Nb4 Rd6
47. Kf3 Ba5 48. Nec2 Kb6 49. Ra3 c5 50. Nd3 c4 51. Nc5 Bb4 52. Nxb4 Kxc5 53.
Nc2 Rd3+ 54. Ke2 Bg4+ 55. Kf1 Rxa3 56. Nxa3 c3 0-1

[Event "Europa ch 2014"]
[Site "Yerevan ARM"]
[Date "2014.03.06"]
[Round "4.89"]
[White "Stupak, Kirill"]
[Black "Sargissyan, Sargis"]
[Result "0-1"]
[WhiteElo "2498"]
[BlackElo "2242"]
[PlyCount "88"]
[EventDate "2014.03.03"]
[EventType "swiss"]
[EventRounds "11"]
[EventCountry "ARM"]
[Source "lmi"]
[SourceDate "2014.03.02"]

1. d4 g6 2. g3 Bg7 3. Bg2 d6 4. e4 Nc6 5. Ne2 e5 6. Be3 Bg4 7. f3 Bd7 8. Nbc3
Nf6 9. d5 Ne7 10. h3 c6 11. dxc6 Bxc6 12. f4 d5 13. fxe5 Nxe4 14. Nxe4 dxe4 15.
Qxd8+ Rxd8 16. Bf4 h6 17. h4 g5 18. hxg5 hxg5 19. Rxh8+ Bxh8 20. Bxg5 Bxe5 21.
Rb1 Rd6 22. Kf2 Nf5 23. Bh3 Nd4 24. Nxd4 Bxd4+ 25. Kf1 Rd5 26. Bh4 Bb5+ 27. Ke1
Be3 28. Bg2 f5 29. Bh3 Rd2 30. Bf1 Bxf1 31. Kxf1 Rxc2 32. Re1 Rf2+ 33. Kg1 Re2+
34. Kf1 Rf2+ 35. Kg1 Re2+ 36. Kf1 Rxe1+ 37. Kxe1 Kf7 38. b3 Kg6 39. Be7 Bd4 40.
Kf1 Be5 41. Kg2 Kh5 42. Bc5 Kg4 43. Bf2 a6 44. Be1 e3 0-1

[Event "Europa ch 2014"]
[Site "Yerevan ARM"]
[Date "2014.03.06"]
[Round "4.90"]
[White "Poghosyan, Suren"]
[Black "Petrosian, Davit G"]
[Result "0-1"]
[WhiteElo "2257"]
[BlackElo "2431"]
[PlyCount "90"]
[EventDate "2014.03.03"]
[EventType "swiss"]
[EventRounds "11"]
[EventCountry "ARM"]
[Source "lmi"]
[SourceDate "2014.03.02"]

1. d4 Nf6 2. Bg5 e6 3. Nd2 c5 4. e3 d5 5. Ngf3 Qb6 6. Rb1 Nc6 7. c3 h6 8. Bh4
Bd7 9. Bd3 cxd4 10. exd4 Nh5 11. O-O g5 12. Ne1 Nf4 13. Bg3 Bd6 14. Bc2 O-O-O
15. b4 h5 16. Nd3 h4 17. Bxf4 gxf4 18. h3 Rhg8 19. Kh1 Rg7 20. Nc5 Qc7 21. Nf3
Rdg8 22. Rg1 Kb8 23. Bd3 Bc8 24. b5 Na5 25. b6 axb6 26. Na4 f6 27. Nxb6 Qxc3
28. Rb5 Bc7 29. Na4 Qc6 30. Nc5 e5 31. Bf1 e4 32. Nxh4 f3 33. g3 e3 34. Qxf3
exf2 35. Qxf2 Rxg3 36. Rxg3 Bxg3 37. Qf3 b6 38. Nf5 Bd6 39. Na4 Bc7 40. Ne7 Qd6
41. Qe2 Bg4 42. Qg2 Bf3 43. Rxb6+ Bxb6 44. Qxf3 Bc7 45. Qe2 Re8 0-1

[Event "Europa ch 2014"]
[Site "Yerevan ARM"]
[Date "2014.03.06"]
[Round "4.91"]
[White "Petrosyan, Tigran S"]
[Black "Zanan, Evgeny"]
[Result "0-1"]
[WhiteElo "2425"]
[BlackElo "2236"]
[PlyCount "58"]
[EventDate "2014.03.03"]
[EventType "swiss"]
[EventRounds "11"]
[EventCountry "ARM"]
[Source "lmi"]
[SourceDate "2014.03.02"]

1. e4 c5 2. Nf3 e6 3. g3 Nc6 4. Bg2 Nf6 5. Qe2 d6 6. O-O Be7 7. c3 Qb6 8. Rd1
O-O 9. d4 cxd4 10. cxd4 d5 11. e5 Ne4 12. Be3 f6 13. Ne1 fxe5 14. dxe5 Rxf2 15.
Bxb6 Rxe2 16. Bxe4 axb6 17. Bc2 Bb4 18. Nc3 Bxc3 19. bxc3 Nxe5 20. Bb3 Bd7 21.
Rac1 Ba4 22. Rc2 Bxb3 23. Rxe2 Nf3+ 24. Nxf3 Bxd1 25. Rf2 Bxf3 26. Rxf3 Rxa2
27. Rf4 Rc2 28. Rb4 Rxc3 29. Rxb6 Kf7 0-1

[Event "Europa ch 2014"]
[Site "Yerevan ARM"]
[Date "2014.03.06"]
[Round "4.92"]
[White "Gharagyozyan, Artur"]
[Black "Tari, Aryan"]
[Result "1-0"]
[WhiteElo "2216"]
[BlackElo "2424"]
[PlyCount "129"]
[EventDate "2014.03.03"]
[EventType "swiss"]
[EventRounds "11"]
[EventCountry "ARM"]
[Source "lmi"]
[SourceDate "2014.03.02"]

1. e4 c5 2. Nf3 d6 3. d4 cxd4 4. Nxd4 Nf6 5. Nc3 a6 6. Be3 e5 7. Nb3 Be6 8. Qd2
Nbd7 9. O-O-O b5 10. f3 Nb6 11. Qf2 Nc4 12. Bxc4 Bxc4 13. g4 b4 14. Na4 Nd7 15.
Nb6 Nxb6 16. Bxb6 Qd7 17. Kb1 Be7 18. Rd2 O-O 19. Rhd1 Rfc8 20. Bc5 Qb5 21.
Bxd6 Bg5 22. Rd5 Bxd5 23. Rxd5 Qc6 24. Bxe5 Rd8 25. Qd4 Rac8 26. Qd3 Rxd5 27.
exd5 Qc4 28. Qxc4 Rxc4 29. c3 bxc3 30. bxc3 a5 31. Bd4 Bd8 32. Kc2 Ra4 33. Kb2
Rc4 34. Nd2 Rc8 35. a4 Kf8 36. Ne4 Bb6 37. Be5 f6 38. Bg3 Ke7 39. Kb3 Kd7 40.
c4 Bd4 41. Bd6 g6 42. Ba3 Rb8+ 43. Kc2 f5 44. gxf5 gxf5 45. Ng3 Bg1 46. Nxf5
Bxh2 47. c5 h5 48. c6+ Kc7 49. Ng7 h4 50. Ne6+ Kc8 51. d6 Bxd6 52. Bxd6 h3 53.
Nd4 Rb4 54. Kc3 Rb1 55. Kc2 Rh1 56. Kd3 Rb1 57. Nb5 Rc1 58. c7 Kb7 59. Bf4 Rc6
60. Bh2 Rc1 61. Bg3 Rd1+ 62. Ke2 h2 63. Bxh2 Rh1 64. Be5 Rh7 65. f4 1-0

[Event "Europa ch 2014"]
[Site "Yerevan ARM"]
[Date "2014.03.06"]
[Round "4.93"]
[White "Goryachkina, Aleksandra"]
[Black "Pogosian, Georgy"]
[Result "1-0"]
[WhiteElo "2424"]
[BlackElo "2234"]
[PlyCount "41"]
[EventDate "2014.03.03"]
[EventType "swiss"]
[EventRounds "11"]
[EventCountry "ARM"]
[Source "lmi"]
[SourceDate "2014.03.02"]

1. d4 d5 2. c4 Nc6 3. Nf3 Bg4 4. cxd5 Bxf3 5. dxc6 Bxc6 6. Nc3 e6 7. e4 Bb4 8.
f3 Qh4+ 9. g3 Qh5 10. a3 Ba5 11. b4 Bb6 12. b5 O-O-O 13. bxc6 Bxd4 14. Qb3 bxc6
15. Ba6+ Kd7 16. Be2 Qa5 17. Bd2 Nf6 18. Nd5 Qc5 19. Bb4 Bf2+ 20. Kf1 Qd4 21.
Nxf6+ 1-0

[Event "Europa ch 2014"]
[Site "Yerevan ARM"]
[Date "2014.03.06"]
[Round "4.94"]
[White "Tiraturyan, David"]
[Black "Paravyan, David"]
[Result "1/2-1/2"]
[WhiteElo "2201"]
[BlackElo "2423"]
[PlyCount "150"]
[EventDate "2014.03.03"]
[EventType "swiss"]
[EventRounds "11"]
[EventCountry "ARM"]
[Source "lmi"]
[SourceDate "2014.03.02"]

1. e4 c5 2. Nf3 a6 3. c3 e6 4. d4 d5 5. exd5 exd5 6. Be3 cxd4 7. Nxd4 Nf6 8.
Be2 Bd6 9. Nd2 O-O 10. O-O Bc7 11. N2f3 Nc6 12. Nxc6 bxc6 13. Qd4 Re8 14. Rfe1
Rb8 15. b3 Ne4 16. Rac1 Bg4 17. Qd3 Qd6 18. g3 Qg6 19. c4 Ba5 20. Nh4 Bxe2 21.
Rxe2 Qh5 22. cxd5 cxd5 23. Rec2 Rbd8 24. Qd4 Nd6 25. Ng2 Nb5 26. Qc5 Qg4 27. a4
Bb4 28. Qb6 Nc3 29. h3 Qe4 30. Rxc3 Bxc3 31. Rxc3 d4 32. Rc4 Qb1+ 33. Rc1 Qb2
34. Rd1 d3 35. Qxa6 d2 36. Qe2 Qxb3 37. Rxd2 Qxa4 38. Rxd8 Rxd8 39. Kh2 Qc6 40.
Qb2 Qe4 41. Qb6 Qa8 42. Bf4 Rc8 43. Ne3 Rc1 44. Qb8+ Qxb8 45. Bxb8 f6 46. Kg2
Rc5 47. Ng4 Rf5 48. Ba7 Rb5 49. Be3 Ra5 50. Nh2 Rd5 51. Nf3 h5 52. Nd4 Ra5 53.
f4 f5 54. Kf3 g6 55. g4 hxg4+ 56. hxg4 fxg4+ 57. Kxg4 Ra3 58. Bd2 Ra5 59. Nc6
Rd5 60. Ne5 Kg7 61. Be3 Kf6 62. Nf3 Kg7 63. Bd4+ Kh6 64. Bf6 Rd1 65. Bg5+ Kh7
66. Ne5 Ra1 67. Kf3 Ra4 68. Bf6 Ra3+ 69. Kg4 Ra1 70. Bg5 Ra3 71. Be7 Ra1 72.
Bd8 Rg1+ 73. Kf3 Rf1+ 74. Ke4 Re1+ 75. Kf3 g5 1/2-1/2

[Event "Europa ch 2014"]
[Site "Yerevan ARM"]
[Date "2014.03.06"]
[Round "4.95"]
[White "Hovhannisyan, Karen"]
[Black "Berchtenbreiter, Maximilian"]
[Result "1/2-1/2"]
[WhiteElo "2188"]
[BlackElo "2421"]
[PlyCount "99"]
[EventDate "2014.03.03"]
[EventType "swiss"]
[EventRounds "11"]
[EventCountry "ARM"]
[Source "lmi"]
[SourceDate "2014.03.02"]

1. e4 e6 2. d4 d5 3. Nd2 Nf6 4. e5 Nfd7 5. Bd3 c5 6. c3 b5 7. Bxb5 Qb6 8. Qa4
a6 9. Be2 a5 10. Ngf3 Ba6 11. Bxa6 Qxa6 12. Nb3 Nc6 13. Be3 cxd4 14. Nbxd4 Rc8
15. Nxc6 Rxc6 16. Rd1 Rc4 17. Qc2 Rg4 18. Qe2 Qxe2+ 19. Kxe2 Rxg2 20. Rd4 Bc5
21. Ra4 Bxe3 22. Kxe3 Nb6 23. Rf4 O-O 24. b3 d4+ 25. Rxd4 Nd5+ 26. Ke2 Nxc3+
27. Kf1 Rg6 28. Rc4 Nxa2 29. Ke2 Nb4 30. Ra1 h5 31. Rxa5 Rb8 32. Rac5 Rg4 33.
h3 Rxc4 34. bxc4 Rd8 35. Rc7 Nd3 36. Ke3 Kf8 37. Ng5 Nxe5 38. f4 Nd7 39. c5 Kg8
40. Kf3 Nf8 41. c6 f6 42. Ne4 Rd3+ 43. Ke2 Ra3 44. Rb7 Ng6 45. c7 Ne7 46. Rb8+
Kf7 47. Nd6+ Kg6 48. Re8 Ra2+ 49. Kd1 Ra6 50. Nb5 1/2-1/2

[Event "Europa ch 2014"]
[Site "Yerevan ARM"]
[Date "2014.03.06"]
[Round "4.96"]
[White "Vatinyan, Gor"]
[Black "Nadanian, Ashot"]
[Result "1/2-1/2"]
[WhiteElo "2176"]
[BlackElo "2399"]
[PlyCount "77"]
[EventDate "2014.03.03"]
[EventType "swiss"]
[EventRounds "11"]
[EventCountry "ARM"]
[Source "lmi"]
[SourceDate "2014.03.02"]

1. e4 c5 2. Nf3 e6 3. d4 cxd4 4. Nxd4 a6 5. Bd3 b5 6. O-O Bb7 7. a4 b4 8. Nd2
Be7 9. Qe2 d6 10. a5 Nd7 11. N4b3 Ne5 12. Nc4 Nxc4 13. Bxc4 Nf6 14. Bd3 O-O 15.
Bd2 d5 16. e5 Ne4 17. Be3 Qc7 18. f3 Nc5 19. Nxc5 Bxc5 20. Bxc5 Qxc5+ 21. Qf2
Qxf2+ 22. Kxf2 Bc6 23. Ke3 Rfb8 24. Kd4 Bb5 25. f4 Rb7 26. f5 Rc8 27. fxe6 fxe6
28. Rf4 Bxd3 29. Kxd3 Rbc7 30. Rxb4 Rxc2 31. Rb6 Rxg2 32. Rxa6 Rcc2 33. Rxe6
Kf7 34. Rd6 g5 35. a6 Rgd2+ 36. Ke3 Re2+ 37. Kd3 Red2+ 38. Ke3 Re2+ 39. Kd3
1/2-1/2

[Event "Europa ch 2014"]
[Site "Yerevan ARM"]
[Date "2014.03.06"]
[Round "4.97"]
[White "Cerbulenco, Liviu"]
[Black "Lugovskoy, Maxim"]
[Result "0-1"]
[WhiteElo "2160"]
[BlackElo "2397"]
[PlyCount "132"]
[EventDate "2014.03.03"]
[EventType "swiss"]
[EventRounds "11"]
[EventCountry "ARM"]
[Source "lmi"]
[SourceDate "2014.03.02"]

1. e4 e6 2. d4 d5 3. Nd2 Nf6 4. e5 Nfd7 5. Bd3 c5 6. c3 Nc6 7. Ne2 cxd4 8. cxd4
f6 9. exf6 Qxf6 10. Nf3 h6 11. O-O Bd6 12. Be3 O-O 13. Rc1 Rd8 14. a3 Nf8 15.
Qd2 Bd7 16. Bf4 Be8 17. Bxd6 Rxd6 18. Qe3 Rdd8 19. Ne5 Rac8 20. f4 Ne7 21. g4
Qh4 22. h3 Rxc1 23. Rxc1 Nc6 24. Kg2 Qe7 25. Ng1 Nxe5 26. Qxe5 Ng6 27. Qe3 Qf6
28. Ne2 Nh4+ 29. Kg3 Bg6 30. Bxg6 Nxg6 31. Rc7 Kh8 32. Qc3 h5 33. g5 h4+ 34.
Kf2 Qf5 35. Qc2 Qxc2 36. Rxc2 Rd7 37. Rc8+ Kh7 38. Kf3 Ne7 39. Rc3 Nf5 40. Kf2
Kg6 41. Kf3 Rd6 42. Rb3 Rd7 43. Rc3 Rd6 44. Rb3 b6 45. Rc3 b5 46. Rc7 Ra6 47.
Rc3 Ra4 48. Rd3 Rc4 49. Rd2 Ra4 50. Rd3 b4 51. axb4 Rxb4 52. b3 Rb6 53. Kf2 Ra6
54. Rd2 Ra1 55. Kg2 Rb1 56. Ra2 Rxb3 57. Rxa7 Re3 58. Ra2 Nd6 59. Kf2 Rxh3 60.
Kg2 Re3 61. Ng1 Ne4 62. Ra8 Kf5 63. Nh3 Rg3+ 64. Kh2 Kg4 65. Ng1 Rd3 66. Ra4
Rd2+ 0-1

[Event "Europa ch 2014"]
[Site "Yerevan ARM"]
[Date "2014.03.06"]
[Round "4.98"]
[White "Oganian, Miran"]
[Black "Gevorgyan, Maria"]
[Result "1/2-1/2"]
[WhiteElo "2376"]
[BlackElo "2180"]
[PlyCount "113"]
[EventDate "2014.03.03"]
[EventType "swiss"]
[EventRounds "11"]
[EventCountry "ARM"]
[Source "lmi"]
[SourceDate "2014.03.02"]

1. d4 d5 2. c4 e6 3. Nc3 Be7 4. Bf4 Nf6 5. e3 O-O 6. Rc1 c6 7. cxd5 exd5 8. Bd3
Re8 9. Nf3 Nbd7 10. O-O Nf8 11. Ne5 Ne6 12. Bg3 g6 13. h3 Ng7 14. Qb3 Qb6 15.
Qc2 Bf5 16. Bh2 Rac8 17. Na4 Qa5 18. a3 Bd6 19. b4 Qc7 20. Nc5 h5 21. Qb3 Bxd3
22. Ncxd3 Ne4 23. Rc2 Nf5 24. Nc5 Ng5 25. f4 f6 26. fxg5 fxe5 27. Ne4 Re6 28.
Nf6+ Rxf6 29. gxf6 exd4 30. f7+ Kf8 31. Bxd6+ Qxd6 32. exd4 h4 33. Qd3 Rc7 34.
Re2 Rxf7 35. Re5 Kg7 36. Rfe1 Qf6 37. Rf1 Qd8 38. Kh2 Qd6 39. Rf4 a5 40. bxa5
c5 41. Qb5 Nxd4 42. Rxf7+ Kxf7 43. Qe8+ Kf6 44. Qh8+ Kf7 45. Kh1 Nf5 46. Re8 c4
47. Rd8 Ng3+ 48. Kh2 Nf1+ 49. Kg1 Qh2+ 50. Kxf1 Qf4+ 51. Ke2 Qe4+ 52. Kd2 Qd4+
53. Kc1 Qe3+ 54. Kb1 Qd3+ 55. Kc1 Qe3+ 56. Kb2 Qb3+ 57. Kc1 1/2-1/2

[Event "Europa ch 2014"]
[Site "Yerevan ARM"]
[Date "2014.03.06"]
[Round "4.99"]
[White "Antinyan, Armen"]
[Black "Ben Artzi, Ido"]
[Result "1-0"]
[WhiteElo "2155"]
[BlackElo "2370"]
[PlyCount "119"]
[EventDate "2014.03.03"]
[EventType "swiss"]
[EventRounds "11"]
[EventCountry "ARM"]
[Source "lmi"]
[SourceDate "2014.03.02"]

1. e4 d6 2. d4 Nf6 3. Nc3 g6 4. Be3 c6 5. Qd2 b5 6. a3 Nbd7 7. Be2 Qc7 8. f4
Nb6 9. h3 Bg7 10. Nf3 Bb7 11. O-O a6 12. Rae1 O-O-O 13. b4 c5 14. Ng5 cxd4 15.
Qxd4 Nbd7 16. Nxf7 Nh5 17. e5 dxe5 18. fxe5 Bxe5 19. Nxe5 Nxe5 20. Qc5 Qxc5 21.
Bxc5 Rd2 22. Rf2 Nd7 23. Bxb5 Rxf2 24. Bxd7+ Kxd7 25. Rxe7+ Kc8 26. Kxf2 Nf6
27. Bd6 Nd7 28. Kg3 Kd8 29. Na4 Bc6 30. Nc5 Nxc5 31. Bxc5 Re8 32. Rxe8+ Kxe8
33. Kf2 Kd7 34. g3 Ba4 35. c3 Ke6 36. Ke3 Kd5 37. Kf4 h5 38. Kg5 Bc2 39. a4 Kc4
40. Bd4 Bd3 41. Kf6 Kb3 42. b5 axb5 43. axb5 Bxb5 44. Kxg6 Be2 45. Kf5 Bf1 46.
Kg5 Bxh3 47. Kxh5 Kc4 48. g4 Kd5 49. g5 Ke6 50. Kg6 Bf5+ 51. Kg7 Bd3 52. g6 Ke7
53. Bf6+ Ke6 54. Bd8 Kd7 55. Bh4 Ke6 56. Kh6 Bc2 57. c4 Bd3 58. c5 Bc2 59. Bd8
Be4 60. c6 1-0